000 00422nam a2200181Ia 4500
005 20240823011943.0
008 240823s9999||||xx |||||||||||||| ||und||
082 _A658.802 P0
100 _aRampal M K
245 0 _aCases and Simulations
250 _a1st
260 _b"Galgotia,new Delhi"
500 _aYES
650 _aManagement
_bManagement Studies
700 _a Gupta S L
942 _cBK
999 _c163004
_d163004